| 000 | 00840nam a2200229 i 4500 | ||
|---|---|---|---|
| 001 | 188062 | ||
| 003 | SpMaBN | ||
| 005 | 20251009173356.0 | ||
| 008 | 180423s1974 sp |||| | cat d | ||
| 080 | _a821.134.1-14"18" | ||
| 100 | 1 |
_aVerdaguer, Jacint, _d1845-1902 _9113998 |
|
| 245 | 1 | 0 |
_aAntología poètica / _cJacint Verdaguer ; selecció i prólegs de Carles Riba i Pere Ribot. |
| 250 | _a4ª ed. | ||
| 260 |
_aBarcelona : _bSelecta, _c1974. |
||
| 300 |
_a210 p. ; _c18 cm. |
||
| 490 | 1 |
_aBiblioteca Selecta ; _v63. _aPoesía ; _v, 22 |
|
| 700 | 1 |
_aRiba, Carles, _d1893-1959 _996698 |
|
| 700 | 1 |
_aRibot, Pere. _996837 |
|
| 830 | 0 |
_aBiblioteca Selecta ; _v63. _aPoesía ; _v, 22 _9225637 |
|
| 852 |
_aES-MaACL _jL-31942 _z. - Donat. herederos de la bibl. de Mª del Pilar Costa Palacín |
||
| 999 |
_c188062 _d188062 |
||